000 00430nam a22001337a 4500
040 _cNUST
082 _a200
_bTHE
100 _aMuhammad Nouman Arif
_9125055
110 _aSupervisor Dr Azhar Ul Haq
245 _aTH-SOF-2271-Open Switch Fault Diagnosis of Cascaded H-Bridge Multi-Level Inverter Using Deep Learning
260 _aISLAMABAD:
_bNUST COLLEGE OF EME,
_c2024.
650 _aMS-ELECT-2020
_9113145
942 _2ddc
_cTHE
999 _c610818
_d610818